Wanted! dumb or alive : (Record no. 1057)

000 -LEADER
fixed length control field 01362nam a22003737a 4500
001 - CONTROL NUMBER
control field 3999009
003 - CONTROL NUMBER IDENTIFIER
control field OSt
005 - DATE AND TIME OF LATEST TRANSACTION
control field 20210426122704.0
008 - FIXED-LENGTH DATA ELEMENTS--GENERAL INFORMATION
fixed length control field 960725s1996 tnua 000 0 eng
010 ## - LIBRARY OF CONGRESS CONTROL NUMBER
LC control number 96032030
020 ## - INTERNATIONAL STANDARD BOOK NUMBER
International Standard Book Number 1558534210 (pbk.)
040 ## - CATALOGING SOURCE
Original cataloging agency DLC
Transcribing agency DLC
Modifying agency DLC
Language of cataloging eng
041 ## - LANGUAGE CODE
Language code of text/sound track or separate title eng
043 ## - GEOGRAPHIC AREA CODE
Geographic area code n-us---
050 00 - LIBRARY OF CONGRESS CALL NUMBER
Classification number HV6783
Item number .B875 1996
080 ## - UNIVERSAL DECIMAL CLASSIFICATION NUMBER
Universal Decimal Classification number 821.111
Item number B-98
082 00 - DEWEY DECIMAL CLASSIFICATION NUMBER
Classification number 364.1/092/273
-- B
Edition number 20
100 1# - MAIN ENTRY--PERSONAL NAME
Personal name Butler, Daniel R.,
Dates associated with a name 1951-
245 10 - TITLE STATEMENT
Title Wanted! dumb or alive :
Remainder of title 100 new stories from the files of America's dumbest criminals /
Statement of responsibility, etc. / by: Rutledge Hill Press
260 ## - PUBLICATION, DISTRIBUTION, ETC.
Place of publication, distribution, etc. Nashville, Tenn. :
Name of publisher, distributor, etc. Rutledge Hill Press
Date of publication, distribution, etc. c1996.
300 ## - PHYSICAL DESCRIPTION
Extent 235 p.
Other physical details ill.
Dimensions 19 cm.
365 ## - TRADE PRICE
Price amount 7.95 usd
650 #0 - SUBJECT ADDED ENTRY--TOPICAL TERM
Topical term or geographic name entry element Crime
Geographic subdivision United States
General subdivision Case studies.
650 #0 - SUBJECT ADDED ENTRY--TOPICAL TERM
Topical term or geographic name entry element English literature
9 (RLIN) 247
650 #0 - SUBJECT ADDED ENTRY--TOPICAL TERM
Topical term or geographic name entry element Criminals
Geographic subdivision United States
General subdivision Case studies.
650 #0 - SUBJECT ADDED ENTRY--TOPICAL TERM
Topical term or geographic name entry element Crime
Geographic subdivision United States
General subdivision Humor.
653 ## - INDEX TERM--UNCONTROLLED
Uncontrolled term ინგლისური ლიტერატურა
700 1# - ADDED ENTRY--PERSONAL NAME
Personal name Ray, Alan.
700 ## - ADDED ENTRY--PERSONAL NAME
Personal name Harris, Mike
9 (RLIN) 730
Relator term Illustrator
856 42 - ELECTRONIC LOCATION AND ACCESS
Materials specified Publisher description
Uniform Resource Identifier <a href="http://www.loc.gov/catdir/enhancements/fy0609/96032030-d.html">http://www.loc.gov/catdir/enhancements/fy0609/96032030-d.html</a>
906 ## - LOCAL DATA ELEMENT F, LDF (RLIN)
a 7
b cbc
c orignew
d 1
e ocip
f 19
g y-gencatlg
942 ## - ADDED ENTRY ELEMENTS (KOHA)
Source of classification or shelving scheme
Koha item type Books
Holdings
Withdrawn status Lost status Source of classification or shelving scheme Damaged status Not for loan Permanent location Current location Date acquired Inventory number Total Checkouts Full call number Barcode Date last seen Price effective from Koha item type
          Ken Walker International University Ken Walker International University 02/01/2021 2538   821.111 B-98 2538 02/01/2021 02/01/2021 Books

Powered by Koha